[Event "Skolernes Skakklub"]
[Site "Aarhus"]
[Date "1997.06.23"]
[Round "4"]
[White "Rozentalis, Eduardas"]
[Black "Hellers, Ferdinand"]
[Result "1/2-1/2"]
[WhiteElo "2650"]
[BlackElo "2585"]
[Annotator "Har Zvi,R"]
[PlyCount "106"]
[EventDate "1997.06.20"]
[EventType "tourn"]
[EventRounds "9"]
[EventCountry "DEN"]
[EventCategory "14"]
[SourceTitle "CBM 060"]
[Source "ChessBase"]
[SourceDate "1997.09.29"]
[SourceVersion "1"]
[SourceVersionDate "1997.09.29"]
[SourceQuality "1"]

1. e4 c5 2. c3 Nf6 3. e5 Nd5 4. Nf3 Nc6 5. Bc4 Nb6 6. Bb3 c4 (6... g6 7. d4
cxd4 8. cxd4 {these days 8.Ng5 is considered to be white's best chance here
which leads to a very comlicated positions after 8...d5 9.exd e6 when here
white has two main moves 10.Qf3 and 10.cxd4 but this is another line} Bg7 9.
Nc3 (9. O-O) 9... O-O 10. h4 $6 d5 (10... d6 11. e6 $1 fxe6 (11... Bxe6 12. d5)
12. h5 $40) 11. h5 Bg4 12. hxg6 (12. Rh4 gxh5 $1) 12... fxg6 $1 {[%cal Gf8f1]}
13. Be3 a5 $1 $17 {Rozentalis,E-Bologan,V Belfort 1995 62/146 [Bologan,V]}) (
6... d5 7. exd6 Qxd6 8. O-O Be6 (8... c4 {transposes to 8...c4}) 9. Na3 c4 (
9... Bxb3 10. axb3 e6 11. Nc4 Qd8 12. d4 cxd4 13. Nxd4 Nxd4 14. Nxb6 Qxb6 15.
Be3 Rd8 16. Bxd4 $14 {/+/- Sveshnikov,E-Filippov,V RUS-ch Elista 1995 CBM 50})
10. Bc2 g6 11. d4 cxd3 12. Nb5 Qd7 13. Qxd3 Qxd3 14. Bxd3 O-O-O 15. Be2 a6 16.
Nbd4 Nxd4 17. cxd4 f6 $13 {Benjamin,J-Gavrikov,V Horgon 1994 61/161 [Benjamin,
J]}) 7. Bc2 Qc7 (7... d6 8. exd6 Qxd6 9. O-O Bg4 (9... g6 10. b3 Bg7 11. Na3
cxb3 12. axb3 O-O 13. d4 Bg4 14. h3 Bxf3 15. Qxf3 e5 16. Nb5 Qd7 (16... Qd5 17.
Qxd5 Nxd5 18. Be4 a6 (18... Nf6 $5) 19. Bxd5 axb5 20. Rxa8 Rxa8 21. dxe5 Bxe5
22. c4 $14 {[%csl Gc1,Gd5] Lutz,Ch-Khalifman,A Wijk ann Zee 1995 (m/2) 62/147 
[Lutz,Ch]}) 17. Ba3 Rfd8 18. dxe5 Nxe5 19. Qe2 a6 20. Nd6 Qc7 $2 (20... Nd5 $1
21. c4 Nc3 22. Qe3 Nc6 $13 {Dolmatov,S}) 21. Rad1 $14 {Dolmatov,S-Yudasin,L
Haifa 1995 CBM 46}) 10. Re1 e6 (10... Ne5 11. Rxe5 Bxf3 12. Qe1 Bd5 13. b3 e6
14. Ba3 Qc6 15. Bxf8 Kxf8 16. Rg5 $36 {Adams,M-Miladinovic,I Belgrade Invest
1995 CBM 51}) 11. h3 Bh5 12. b3 Bg6 13. Ba3 Qd5 14. Bxf8 Kxf8 15. Na3 Rd8 $13 {
Nunn,J-Anand,V Monaco (rapid) 1995 63/(124)}) 8. Qe2 g5 {a new idea,played for
the first time in 1996,it seems black gets fine counterplay in this variation}
(8... e6 9. b3 g5 10. Na3 g4 11. Nb5 Qb8 12. Ng5 Nxe5 13. bxc4 a6 14. Nd4 Nbxc4
15. O-O $44 {Kuijf,M-Stripunsky,A Wijk ann Zee II 1996}) 9. e6 (9. Nxg5 Qxe5
10. d4 (10. Qxe5 Nxe5 11. Nxh7 Bh6 12. Bf5 d5 $1 $19) 10... cxd3 11. Bxd3 Qxe2+
12. Bxe2 (12. Kxe2 Ne5) 12... Bg7 13. O-O O-O 14. Rd1 d5 $15 {[%csl Gd5,Ge7]
Torre,O-Ivanchuk,V Erevan olm 1996}) 9... dxe6 10. Nxg5 Qe5 11. d4 (11. Ne4 f5
12. Ng3 Bh6 13. Na3 Qxe2+ 14. Kxe2 O-O 15. b3 cxb3 16. Bxb3 Nd5 17. Re1 Nf4+
18. Kf1 Nd3 $132 {Sveshnikov,E-Cherneav,A Erevan op 1996}) (11. Nxh7 Bh6 {
[%csl Rh7]}) 11... cxd3 12. Bxd3 Qxe2+ 13. Bxe2 {[%cal Ge2h5]} h6 (13... Bg7 $5
) 14. Ne4 e5 15. Na3 (15. O-O Bf5 16. Ng3 Bg6 17. Rd1 e6 $132) 15... Bf5 16.
Bf3 O-O-O 17. Nc2 e6 18. Bd2 Bg6 {black should be quite satisfied with his
opening result,he has a mass of pawns in the center [ although he has double
"e" pawn which of course he does not like to much ],he has quite good pieces
so we can asses the position as something like equal} 19. O-O-O f5 20. Ng3 e4
21. Be2 Nd5 {[%cal Gf5f4]} (21... e5 $5 22. Rhe1 $13 f4 $2 23. Nxe4 Bxe4 24.
Bg4+) 22. f3 exf3 23. gxf3 (23. Bxf3 Ne5 24. Bxd5 (24. Be2 f4 25. Nf1 (25. Nh5
$4 f3 $19) 25... Nd3+ 26. Bxd3 Bxd3 $17) 24... Rxd5 $15 {/-/+}) 23... h5 {
I do not like this move so much,since after it black also exchanged the dark
bishops on h6,and in the end he had problems on the black squares,since he was
left with a bad bishop against a good knight,after Bd6 it seems black has
nothing to fear from} (23... Bd6 $5) 24. Bg5 Bh6 (24... Rd7 25. Bc4 {[%cal
Gg3e2]}) 25. Bxh6 Rxh6 {[%csl Rh6] I can not like such rook on h6} 26. Bc4 Nf4
(26... Ne5 27. Bxd5 exd5 (27... Rxd5 28. Nd4 $14 (28. Rxd5 exd5 29. Ne1 $14 {
[%cal Gg3e2,Ge2f4,Gh1g1]}) 28... f4 29. Nge2 Ra5 (29... Nd3+ 30. Rxd3 Bxd3 31.
Nxf4 $16) 30. Nxf4 Rxa2 31. Nxg6 Rxg6 32. Kb1 Ra6 33. Rhg1 $14) 28. f4 Ng4 29.
Rhe1 $5 Nxh2 30. Ne3 $36 {[%csl Rd5,Rf5]}) 27. Rde1 Bf7 (27... h4 $6 28. Ne2
Nxe2+ 29. Rxe2 e5 (29... Bf7 30. Rhe1 Rd6 31. Bb5 $16 {[%cal Gb5c6,Yc2d4]}) 30.
Bb5 e4 (30... Bh5 31. Bxc6 Rxc6 32. Rxe5 Bxf3 33. Rf1 Be4 34. Ne3) 31. fxe4
fxe4 32. Bxc6 bxc6 33. Rg1 $14) 28. Ne2 Nxe2+ $6 {after this move it's clear
white is better,when black is just defending Ng2 seems more interesting with
chances for both sides} (28... Nd3+ 29. Bxd3 Rxd3 30. Ned4 $16) (28... Ng2 $5
29. Reg1 Rg8 $13) 29. Rxe2 {[%csl Re6,Rf7]} Rf6 (29... Na5 30. Bb5 (30. Na3 $5)
30... a6 $6 31. Ba4 b5 32. Bb3 $14 {[%csl Ra6,Re6] /+/-}) 30. Bb5 (30. Rhe1 $5
e5 (30... Rd6) 31. Bb5 Bd5 {transposes to the game}) 30... e5 31. Rhe1 (31.
Bxc6 {this simple move seems to give white something between slight and big
advantage without any problem} bxc6 32. Rxe5 Bxa2 33. Nd4 $14 {/+/-}) 31... Bd5
32. Bxc6 Bxc6 33. Rxe5 Bxf3 34. Nd4 (34. Rf1 Bg4 (34... Be4 $4 35. Rxe4) 35.
Ne3 f4 36. Nd5 Rfd6 37. Nxf4 Rd1+ 38. Rxd1 Rxd1+ 39. Kc2 Rh1 40. h3 Rh2+ $1 (
40... Bxh3 41. Rxh5 Bg2 42. Re5 $16) 41. Kb3 (41. Kc1 Rh1+ 42. Kd2 Rh2+ 43. Ke1
Bd7 44. Rxh5 Rxb2 {[%csl Ra2,Rc3,Rh3]}) 41... Bxh3 42. Rxh5 Be6+ {and after
exchanging rooks black chnaces of making draw are much better with the rooks})
34... Bg4 (34... Be4 35. Rg1) 35. Ne6 Re8 36. Nf4 Rxe5 37. Rxe5 $14 {/+/-} Kd7
38. Kd2 Bf3 $8 {black must get is B from g4 since if white playes Ke3 the
bishop is just terrible} 39. Ke3 Be4 40. h4 Ra6 41. a3 Rb6 42. b4 (42. Nxh5
Rxb2 43. Ng3 Rb3 44. Nxe4 fxe4 $11) 42... Rd6 {black has created several
weakness in white's camp,and it seems these counter-chances are enough for a
draw,when white's main problem is his "trapped" rook on e5,since imagin your
self white;s rook on g1} 43. Ke2 b6 {[%csl Re5]} 44. c4 Rc6 45. c5 bxc5 46.
Rxc5 (46. bxc5 Ra6) 46... Rxc5 47. bxc5 Kc6 48. Nxh5 Kxc5 49. Nf6 (49. Nf4 Kd6
50. h5 Ke7 $11) 49... Bb1 50. h5 Kd6 51. h6 f4 52. Kd2 (52. h7 Bxh7 53. Nxh7
Kc5 $11 (53... Kd5 $4 54. Kd3 f3 55. Nf6+ $18) 54. Kd3 Kb5) 52... f3 53. Ke3
Ke6 {and a draw was agreed,after 56.Ng4 Kf7 57.Kxf3 Kg6 there is really
nothing to play for nor after 56.h7 Bxh7 57.Nxh7 Kd5} 1/2-1/2

[Event "Asker 75th"]
[Site "Asker"]
[Date "1997.11.24"]
[Round "3"]
[White "Sahl, Bjarke"]
[Black "Hellsten, Johan"]
[Result "1-0"]
[WhiteElo "2430"]
[BlackElo "2495"]
[Annotator "Har Zvi,R"]
[PlyCount "90"]
[EventDate "1997.11.22"]
[EventType "tourn"]
[EventRounds "9"]
[EventCountry "NOR"]
[EventCategory "10"]
[SourceTitle "CBM 062"]
[Source "ChessBase"]
[SourceDate "1998.01.31"]
[SourceVersion "1"]
[SourceVersionDate "1998.01.31"]
[SourceQuality "1"]

1. e4 c5 2. d4 cxd4 3. c3 Nf6 4. e5 Nd5 5. Nf3 e6 6. cxd4 d6 7. Nc3 Nxc3 8.
bxc3 Qc7 9. Bd2 (9. exd6 Bxd6 10. Bb2 Nd7 11. Bd3 b6 12. O-O Bb7 13. Re1 O-O
14. c4 g6 15. h4 Rfe8 16. h5 $36 {Campora,D-Cramling,P/Buenos Aires Arg-World
1994}) 9... dxe5 (9... Nc6 10. exd6 Qxd6 (10... Bxd6 11. Bd3 b6 12. O-O Bb7 13.
Re1 O-O-O 14. a4 {Bosch-Fluvia/Foment op 1996}) 11. Bd3 Be7 12. O-O O-O 13. Re1
b6 14. Qe2 Bb7 15. Qe4 g6 16. h4 $13 {Volzhin,A-Brodsky,M/St.Petersburg op 1995
}) (9... Nd7 10. exd6 (10. Bd3 dxe5 11. O-O Bd6 12. Re1 $44) 10... Bxd6 11. Bd3
b6 12. O-O (12. Ng5 Nf6 13. Qf3 Bb7 14. Bb5+ Ke7) 12... Bb7 13. Re1 O-O $13 {
[%cal Gd6f4]}) 10. Nxe5 Nd7 11. f4 g6 (11... Be7 12. Bd3 O-O 13. O-O b6 $132 {
[%cal Gc8b7]}) 12. Bd3 Bg7 13. O-O O-O 14. Qg4 Re8 {why?black's play in his
next few moves is very passive,his c8 bishop should go to b7so why not to play
14...b6 or maybe 14...Nf6} 15. Rae1 Nf8 {passive,too passive!} (15... b6) (
15... Nf6) 16. h4 Bd7 (16... b6 17. h5 Bb7 18. hxg6 hxg6 19. Re3 Rac8 20. Rh3
Qe7 $132 {and although,it seems white has a very strong attack it's not that
simple}) (16... h5 17. Qf3 Rd8 (17... Nh7 18. Nxg6 (18. g4 hxg4 19. Qxg4 Nf6
20. Qg2 $40 {[%cal Gg1h2,Yf1g1,Gg1g8,Re5g6]}) 18... fxg6 19. Bxg6 Rf8 20. Qxh5
Nf6 21. Qe2 $16) 18. g4 hxg4 19. Qxg4 Nh7 20. h5 Nf6 21. Qg5 $1 gxh5 (21...
Nxh5 22. Nxf7 $18) 22. Re2 $18 {[%cal Ge2g2]}) 17. h5 Bc6 18. Re3 Rad8 (18...
Qa5 $5) 19. hxg6 fxg6 $4 {at the begining I thought to give this move only?,
but I simply can not understand this move. If after 19...hxg6 black gets mated
by force then OK, but do you see a force mate after 19...hxg6??} 20. Qe2 (20.
Nxc6 bxc6 (20... Qxc6 21. Qe2 {[%cal Gd3b5]}) 21. Bc4 $6 c5) 20... a6 $6 {
why?the c6 bishop is so bad?? why not to play Bd5} (20... Bd5 $142 21. Bb5 (21.
c4 Bc6 22. Bc3 $16) 21... Re7 22. c4 Bc6 23. Bb4 Ree8) 21. Nxc6 Qxc6 22. Be4
Qc8 (22... Qd7 23. Rb1 b5 (23... Rb8 $142) 24. a4 Rb8 25. axb5 axb5 (25... Rxb5
26. Ra1) 26. Rb4 $1 {[%cal Ge4d3]}) 23. a4 $1 {fixing the "b7" pawn} Re7 24.
Rb1 Rc7 (24... Rf7 25. g3 {[%csl Rb7,Re6][%cal Ge4g2,Gg2h3]}) 25. Qf3 Qd7 (
25... Rdd7 $142) 26. Rb4 e5 $4 (26... b6 27. Bd3 a5 28. Rb5 {[%csl Rb6][%cal
Gd3c2,Gc2b3] of course black's position is very difficult here,but everything
seems better than 26...e5??}) 27. fxe5 {the game is over here. I have no
explanation at all to a move such as e5, nor I want to think about an
explanation to this, the rest is not so complicated.} Ne6 28. Re1 Rf8 29. Qd1
a5 30. Rb5 Nxd4 31. cxd4 Qxd4+ 32. Kh1 Kh8 33. Bxa5 Qf2 34. Bf3 Rc4 35. Bg4 Rd4
36. Qe2 Qh4+ 37. Bh3 Rf2 38. Qe3 Bh6 39. Qc3 Rfd2 40. Rf1 Rc4 41. Rb4 Rdd4 42.
Rxc4 Rxc4 43. Bd8 Qe4 44. Bf6+ Bg7 45. Qd2 g5 1-0

[Event "Drury Lane"]
[Site "London"]
[Date "1997.??.??"]
[Round "2"]
[White "Emms, John M"]
[Black "Pedersen, Steffen"]
[Result "1-0"]
[WhiteElo "2535"]
[BlackElo "2420"]
[Annotator "Har Zvi,R"]
[PlyCount "83"]
[EventDate "1997.06.16"]
[EventType "tourn"]
[EventRounds "9"]
[EventCountry "ENG"]
[EventCategory "10"]
[SourceTitle "CBM 060"]
[Source "ChessBase"]
[SourceDate "1997.09.29"]
[SourceVersion "1"]
[SourceVersionDate "1997.09.29"]
[SourceQuality "1"]

1. e4 c5 2. Nf3 Nc6 3. c3 d5 4. exd5 Qxd5 5. d4 Nf6 6. Be3 cxd4 7. cxd4 e6 8.
Nc3 Qd6 9. a3 Be7 10. Bd3 O-O 11. O-O b6 12. Qe2 Bb7 13. Rad1 Rfe8 {Rad8 and
Rac8 are considered to be the main moves in this position} (13... Rad8 14. Bg5
(14. Bb1 $5 {is another continuation}) 14... Qb8 (14... g6 15. Bc4 Rfe8 16.
Rfe1 Qb8 (16... Nd5 {Adams,M-Tiviakov,S New-York (m/6) 61/152 [Admas,M]} 17.
Nxd5 exd5 18. Bb5 $16) 17. h3 Nd5 18. Bxd5 exd5 19. Qd2 Qd6 {1/2-1/2 Stevic,
H-Hulak,K Vinkovci 1995}) 15. Bb1 Rfe8 16. Rfe1 g6 (16... Nd5 17. Qe4 g6 18.
Qh4 Nxc3 19. bxc3 $16 {Ivanov,V.L-Yakovich,Y Russia (ch) 1994 61/(152)}) 17.
Ba2 Nh5 18. Bh6 Bf6 19. Qe3 Bg7 20. Bxg7 Kxg7 21. Ne5 Nf6 22. h3 Ne7 $15 {
Adams,M-Hulak,K Wijk ann Zee 1995 62/(144)}) (13... Rac8 14. Rfe1 Rfd8 (14...
Rfe8 15. Bg5 g6 16. Bb1 Nd5 17. Bc1 Bf8 (17... Nxc3 $142 18. bxc3 Na5) 18. Ba2
Nf4 $2 (18... Nxc3 19. bxc3 Na5) 19. Qe4 Bh6 20. d5 $1 $18 {Har-Zvi,R-Fauland,
A Tel-Aviv ASA 1995 CBM 50}) (14... Nd5 $6 15. Nxd5 exd5 (15... Qxd5 16. Bc4
Qh5 17. d5 Na5 18. Ba2 Bxd5 19. Bxd5 exd5 20. Bxb6 $14 {/+/-}) 16. Ne5 $1 Nxe5
17. Bf4 Qd7 18. dxe5 Qe6 19. Qf3 $36 {Rozentalis,E-Mikhalchishin,A Trnava 1988
45/(168)}) 15. Bc1 h6 16. Bb1 Bf8 17. Ne4 Nxe4 18. Qxe4 g6 19. Qh4 Qe7 20. Qh3
Qf6 21. d5 Rxd5 22. Rxd5 exd5 23. Bxh6 $36 {Rozentalis,E-Andersson,U] Tilburg 
(m/4) 1993 59/(171)}) 14. Rfe1 g6 (14... Nd5 15. Nxd5 exd5 16. Bg5 g6 17. Bh6
Rad8 18. h3 Qb8 19. Qd2 a6 20. b4 b5 21. Rc1 Ba8 22. Bg5 Bxg5 {1/2-1/2 Short,
N-Tiviakov,S Wijk ann Zee 1995}) 15. Bg5 Nd5 16. Ne4 Qc7 17. h4 f5 $6 {I would
really spend planty of time before playing a move such as f5 in this position
since if it does work black gets a very weak pawn on e6,a weak square on e5,
and a weaker king things which happaned in the game in the next few moves} (
17... Nf4 18. Qe3 Nxd3 19. Rxd3 $36 {[%csl Rf6,Rh6]}) (17... Bxg5 18. hxg5 {
[%csl Rf6]}) (17... Bf8 $5 $13 {[%cal Gf8g7]}) 18. Nc3 Bxg5 19. hxg5 {[%csl
Rf6]} Nf4 20. Qe3 Nxd3 21. Qxd3 $14 {/+/-} Qf4 $2 (21... Qf7) (21... Rad8) 22.
d5 $1 Nd8 (22... exd5 $2 23. Rxe8+ Rxe8 24. Nxd5 {[%cal Gd5f6]}) 23. Qb5 $1 Kf8
(23... Nf7 $2 24. Qd7 Rab8 (24... Ba6 25. Rd4 Qd6 26. dxe6 Qxd7 27. Rxd7 Nd8
28. Nd5 $18) 25. Rd4 Qd6 26. dxe6 Qxd7 27. Rxd7 Nd8 28. Nd4 $18) (23... Re7 24.
d6) 24. Ne2 (24. Rd4) 24... Qd6 $2 (24... Qc7 25. d6 Qc6 (25... Qc5 26. Qxc5
bxc5 27. Ne5 $16) 26. Qxc6 Bxc6 (26... Nxc6 27. Nf4 $16) 27. Ne5 $16) (24...
Qb8 $8 25. Qb4+ Kg8 26. Nf4 e5 27. d6 e4 (27... Bxf3 28. gxf3 $16) 28. Qb3+ $36
) 25. dxe6 Qc5 (25... Qxe6 26. Ned4 Qf7 27. Ne5 $18 {[%cal Ge5d7]}) 26. Qxc5+
bxc5 27. Nf4 Bxf3 $6 (27... Be4 28. Ne5 Nxe6 29. Nxe6+ Rxe6 30. Nd7+ Kf7 31.
Nxc5 Re7 32. Rd6 $16 {/+-}) 28. gxf3 Rc8 29. Rd7 $18 Re7 30. Kg2 Nc6 31. Nd5
Rxd7 32. exd7 Rd8 33. Nf6 Kf7 34. f4 Nd4 (34... h5 35. Rc1 Nb8 36. Rxc5 Nxd7
37. Rc7 Ke6 38. Rxa7 Nxf6 39. Ra6+ Rd6 40. Rxd6+ Kxd6 41. gxf6 Ke6 42. a4 Kxf6
43. a5 {and white wins by 1 tempi!}) 35. Rh1 h5 36. gxh6 Ne6 37. h7 Rh8 38. Nd5
Nd8 39. Re1 Ne6 40. Kg3 Rd8 41. Re5 Rb8 42. Kg2 1-0

[Event "EU-Cup 13th final"]
[Site "Kazan"]
[Date "1997.12.28"]
[Round "1"]
[White "Kharlov, Andrei"]
[Black "Nalbandian, Tigran"]
[Result "1-0"]
[WhiteElo "2565"]
[BlackElo "2440"]
[Annotator "Har Zvi,R"]
[PlyCount "107"]
[EventDate "1997.12.28"]
[EventType "team-k.o."]
[EventRounds "4"]
[EventCountry "RUS"]
[SourceTitle "EXT 2020"]
[Source "ChessBase"]
[SourceDate "2019.10.17"]
[SourceVersion "1"]
[SourceVersionDate "2019.10.17"]
[SourceQuality "1"]
[WhiteTeam "Kazan Sberbank-Tatarstan"]
[BlackTeam "Yerevan"]
[WhiteTeamCountry "RUS"]
[BlackTeamCountry "ARM"]

1. e4 c5 2. c3 d6 3. d4 Nf6 4. dxc5 Nc6 5. f3 d5 6. exd5 Qxd5 7. Qxd5 Nxd5 8.
Bc4 e6 9. Bxd5 exd5 10. Be3 Ne5 11. b3 (11. b4 a5 12. Bd4 Nd3+ 13. Kd2 Bf5 14.
a3 h5 15. Ne2 (15. Nh3 $5) 15... Rh6 16. Be3 Rha6 17. Nf4 (17. Nd4 Bg6 18. Nb3
axb4 19. cxb4 Nxb4 20. axb4 Rxa1 21. Nxa1 Rxa1 $19) 17... d4 $19 {0-1 Klinger,
J-Cebalo,M/Biel 1986/MCL 04/[Dolmatov] (29)}) 11... Nd3+ 12. Kd2 Nxc5 13. Na3 {
This endgame was played abysmally - by both sides. Here I would say that Black
has a slight advantage due to his two bishops. I think the best way to play
the position is 13...Bd7 followed by 14...0-0-0.} Bd7 (13... Ne6 14. Nc2 f6 15.
Ne2 Kf7 16. Ncd4 Nxd4 17. Nxd4 Bd7 {After the exchange of knights White's task
is much simpler - the position is about equal.} 18. Bf2 h5 {At some point this
h-pawn should simply be blocked. Here is a good moment.} 19. Rad1 h4 {Now this
pawn should definitely be blocked with 20 h3.} 20. Nc2 h3 $15 {1/2-1/2 Turov,
M-Sotnikov,I/RUS-chJ U20 1996/CBM 54/[King] (38)}) 14. Ne2 Be7 {14...Bd6 seems
better} (14... Bd6 15. Nc2 Ne6 16. Ncd4 g6 17. Rad1 (17. Nxe6 fxe6 18. f4 O-O
19. g3 b5 20. b4 a5 21. a3 Ra6 22. Bd4 Rfa8 23. Rac1 axb4 24. axb4 g5 $36 {
0-1 Prudnikova,S-Khurtsidze,N/JUG-chW1 1996/EXT 97 (43)}) 17... O-O 18. Rhe1
Rfe8 19. Nxe6 fxe6 20. f4 e5 21. fxe5 Rxe5 $15 {0-1 Manca,F-Gelfand,B/EU-chJ
U20 1988/TD 88\09 (65)}) 15. Nc2 O-O (15... Ne6 $5) 16. Nf4 Rfd8 17. Nd4 Bc6 {
White really has nothing here. His only advantage may be  black's isolated "d"
pawn, but that's not enough in return for the black two bishops.} 18. Rhe1 Bf8
19. Rad1 {now white may be slightly better,since it is very difficult to find
any counter play for black} a5 20. Kc2 Nd7 {if black can play a4 then he has
no problems at all,the more Nd7 is to allow a4,since immediately it is very
bad because of b4} (20... a4 $2 21. b4) 21. a4 {white plan now is quite simple,
playing Bf2 and after it transfering the "d4" knight to e3 maybe via f5 or may
via c2 putting a lot of pressure on the "d5" pawn} Nc5 $1 22. Bf2 Re8 23. Nf5 (
23. Kb2 Rxe1 24. Rxe1 Bd6) 23... Nxa4 $8 24. bxa4 (24. Nxd5 Rxe1 25. Bxe1 Re8)
24... Bxa4+ 25. Kd3 Bxd1 26. Rxd1 {The position has changed quite a lot, the
material balance has also changed two pieces for 2 pawn and rook, although the
"d5" pawn is very weak and white will probably win it, I think black should
not be worse here, he can only be better here.} a4 (26... Red8 $5 27. Bd4 (27.
Bb6 Rd7 28. Kc2 a4) 27... a4 (27... b5) 28. Ne3 $13) 27. Bd4 {[%cal Gf5e3]} (
27. Nxd5) 27... Ra5 28. Ne3 a3 (28... Rd8 $4 29. Bb6) 29. Nfxd5 Bc5 $4 {
Once more a move, that I can not explain. Maybe black was in a time trouble
since otherwish I can not explain a move losing at once} (29... Rd8 30. c4 (30.
Nb4 $5 a2 31. Ra1 Bxb4 32. cxb4 Ra3+ 33. Ke4) 30... a2 31. Ra1 Ra3+ 32. Kc2 $14
) (29... Bd6 $5) 30. Nc4 $18 Bxd4 (30... Rb5 31. Nc7 $18) 31. Nxa5 Be5 32. Nc4
{the game is over} Bxh2 33. Nxa3 Re5 34. c4 Rg5 35. Rd2 h5 36. Nb5 h4 37. Nd4
Bd6 38. Ne3 b6 39. Ndf5 Bc5 40. Ke4 g6 41. Nxh4 Bxe3 42. Kxe3 Rc5 43. f4 (43.
Rd4 $4 Rg5) 43... Rxc4 44. Nf3 Rc6 45. Ne5 Re6 46. Rd8+ Kg7 47. Rd7 Kg8 48. Kd4
Rf6 49. Ke4 Kg7 50. g4 Kg8 51. Rb7 Kg7 52. g5 Rf5 53. Rxb6 Kg8 54. Nxg6 1-0